Handbook of biodiversity methods: survey, evaluation and monitoring

Gespeichert in:
Bibliographische Detailangaben
1. Verfasser: Hill, David (VerfasserIn)
Weitere Verfasser: Fasham, Matthew, Tucker, Graham, Shewry, Michael, Shaw, Philip
Format: Buch
Sprache:Englisch
Veröffentlicht: Cambridge, England, United Kingdom Cambridge Press University 2005
Schlagworte:
Tags: Tag hinzufügen
Keine Tags, Fügen Sie den ersten Tag hinzu!

MARC

LEADER 00000cam a2200000 a 4500
001 UCD4258
003 CL-VaPUC
005 20240829101758.0
008 160701e20050000uk |||||||||||||||||eng|d
999 |c 365200  |d 365198 
020 |a 9780521823685 
040 |c Pontificia Universidad Católica de Valparaíso 
082 0 4 |a 639.9 HIL 2005  |2 21 
100 |a Hill, David  |e author  |9 587896 
245 1 0 |a Handbook of biodiversity methods: survey, evaluation and monitoring 
260 0 3 |a Cambridge, England, United Kingdom  |b Cambridge Press University  |c 2005 
300 |a 573 páginas 
583 |a last modification  |c 20160701 20:49:00  |k Rodrigo Vera 
650 0 |a Conservación del medio ambiente  |9 340695 
650 0 |a Ecología   |9 258124 
650 7 |a HABITAT  |2 CL-VaPUC  |9 267395 
650 7 |a PLANIFICACION AMBIENTAL  |2 CL-VaPUC  |9 337987 
700 0 |a Fasham, Matthew  |9 587897 
700 0 |a Tucker, Graham  |9 587898 
700 0 |a Shewry, Michael  |9 587899 
700 0 |a Shaw, Philip  |9 587900 
942 |c BK  |2 ddc 
945 |d 20160701 20:49:00  |a dcastane 
952 |0 0  |1 0  |2 ddc  |3 erd  |4 0  |6 639_900000000000000_HIL_2005  |7 0  |8 A  |9 478987  |a BIBCUR  |b BIBCUR  |i 5295440  |o 639.9 HIL 2005  |p 5295440  |r 2025-04-22  |t 1  |w 2019-11-24  |y BK  |z Catalogado en:20160701  |k BIO